000 01775cam a2200193 4500
001 6450
010 _a 2016362382
100 _aNamgyel, Phuntsho.
_b
_c
_d
_e
_q
245 0 0 _aForest for Gross National Happiness :
_ba collection of 16 years online debate on forestry issues in Bhutan (2000-2016) /
_cPhuntsho Namgyel.
264 1 _aThimphu :
_bKuensel Corporation,
_c2017.
300 _av, 288 pages
336 _atext
_btxt
_2rdacontent
337 _aunmediated
_bn
_2rdamedia
338 _avolume
_bnc
_2rdacarrier
505 _aCONTENTS: Motivation for starting the online forum- Bhutan-e-forest -- Idea for the book -- Bhutan forest history hunt -- Origin of forest science and forest bureaucracy -- Politics of forest cover -- National forests are overcrowded-benefits of forest thinning -- More tress mean less water-An inconvenient science -- Economics matter in forestry -- Community forests- the magic bullet for Bhutan -- Masutake and cordyceps- Two high value non-timber forest products -- Forest grazing- tragedy of the commons? -- Sokshing and Tseri- misinformation on traditional land uses -- Bhutan's national tree-the correct scientific name? -- Protected areas-who gains and who pays? -- Wild boar-what solutions? -- Musk deer farming and viagra -- Second opinion on tokay gecko -- Forest pests and diseases -- Bamboo mass flowering and die-back -- Forest fires-good or bad? -- Home cooking and heating -energy security concern -- Mistakes in Bhutan's 2010 land cover map -- Poor country challenges in climate change dialogues -- Miscellaneous -- Bhutan forestry reflection.
_g
_r
_t
650 _aBhutan Economic conditions.
_v
_x
_y
_z
_2
650 _aForests and forestry -- Bhutan.
_v
_x
_y
_z
_2
650 _aGross National Happiness -- Bhutan.
_v
_x
_y
_z
_2
999 _c5438
_d5438